[Event "ICS rated blitz match"]
[Site "207.99.83.229"]
[Date "1999.07.02"]
[Round "?"]
[White "Hossa"]
[Black "Beadle"]
[Result "0-1"]
[WhiteElo "2376"]
[BlackElo "2440"]
[Annotator "Fritz 5.32 (15s)"]
[PlyCount "98"]

1. e4 1... Nc6 {Opening = C55 - 3.Bc4 Nf6(4.d4 ed4 5.0-0 ---)} 2. Nf3 e5 3. Bc4
Nf6 4. d3 Bc5 5. Be3 Bxe3 6. fxe3 O-O 7. O-O d5 (7... d6 8. Qd2 Bg4 9. Nc3 Re8
10. Rf2 h6 11. Raf1 a6 12. Nd5 Be6 13. Nxf6+ Qxf6 14. Nd4 Qe7 15. Nxe6 fxe6 16.
d4 Rad8 17. d5 exd5 18. Qxd5+ Kh8 19. a3 Rf8 20. Rf7 Rxf7 21. Rxf7 Qg5 22. Kf2
{Hornecker,S-Hauck,K/DEM U11 Pinneberg 1996/ - (48)}) 8. exd5 Nxd5 9. Qd2 9...
Be6 $146 (9... Nf6 10. e4 Bg4 11. Nc3 Qe7 12. Rae1 Rad8 13. Qg5 h6 14. Qh4 a6
15. Kh1 Rd6 16. Nd5 Nxd5 17. Qxg4 Nb6 18. Bb3 a5 19. Nh4 Qg5 20. Qxg5 hxg5 21.
Nf5 Rd7 22. Rf2 a4 23. Bc4 Nxc4 24. dxc4 {
Leonhardt,P-Chigorin,M/Nuremberg 1906/0-1 (49)}) 10. Bb5 Nde7 11. Nc3 $11 (11.
Ng5 11... Bg4 $14) 11... f6 $14 {Staerkt g5} (11... a6 12. Bxc6 Nxc6 13. Ne4
$11) 12. Rf2 $11 (12. d4 12... Qd7 $14) 12... Qd7 13. Raf1 a6 14. Ba4 Rae8 15.
Ne4 Qc8 16. c4 16... f5 $14 (16... Rd8 17. Qc3 $11) 17. Neg5 Rd8 18. Qc3 h6 19.
Nxe6 Qxe6 20. d4 exd4 21. exd4 Qd6 22. d5 (22. Re1 22... Rf7 $16) 22... b5 23.
cxb5 $14 (23. Bc2 b4 24. Qe1 24... Na5 $16) 23... axb5 24. Bxb5 Nb4 25. a4
Nexd5 26. Bc4 Kh8 27. Bxd5 Nxd5 28. Qd3 Rfe8 29. Ra1 ({Schlechter ist} 29. Qxf5
29... Ne3 30. Qf7 Nxf1 31. Rxf1 31... Rb8 $19) 29... f4 30. a5 Qc5 31. a6 $2
$19 {Ist dieser Freibauer gefaehrlich?} (31. Nh4 $11 $142 {ist noch spielbar})
31... Nb4 $17 (31... Ne3 32. Qg6 Nd1 33. Qc2 Qxf2+ 34. Qxf2 Nxf2 35. Kxf2 $17)
32. Qc3 Qb6 33. Ne1 $4 $19 {und es geht weiter bergab} (33. Re1 $142 33...
Rxe1+ 34. Nxe1 Nxa6 35. Nd3 $17) 33... Nxa6 (33... Re2 $1 $142 {
erleichterte Schwarz die Gewinnfuehrung} 34. Qf3 34... Rde8 $19) 34. Kf1 Nc5
35. Qc2 (35. Rxf4 $4 {der kann natuerlich nicht genommen werden} 35... Nb3 36.
Rb4 Rxe1+ (36... Nxa1 $6 {ist naheliegend und schlecht} 37. Rxb6 cxb6 38. Qc6
$17) 37. Qxe1 Rf8+ 38. Ke2 Re8+ 39. Kd3 Qd6+ (39... Rxe1 $6 40. Rxb6 Nxa1 41.
Rc6 $19) 40. Kc3 Rxe1 41. Rxe1 Qd2+ 42. Kxb3 42... Qxe1 $19) 35... Nb3 36. Rd1
Qb5+ 37. Kg1 Nd4 38. Qb1 38... Rd6 $17 (38... Ne2+ 39. Kh1 Ng3+ 40. Kg1 $19)
39. Kh1 Qf5 40. Nd3 f3 41. Kg1 $4 {ein Fehler in schlechter Stellung} (41. b4
$19 $142) 41... Ne2+ 42. Kh1 fxg2+ 43. Rxg2 Qf3 44. Nf2 (44. Rf1 {
koennte noch eine geringe Chance darstellen} 44... Qxd3 45. Qxd3 Rxd3 46. Rgf2
$19) 44... Nf4 {Droht Matt: Qxg2} 45. Rdg1 Nxg2 46. Rxg2 (46. Qe4 {
holt die Kuh nicht vom Eis} 46... Rxe4 47. h3 Nf4+ 48. Kh2 Qxf2+ 49. Kh1 Qf3+
50. Kh2 Qxh3#) 46... Rg6 $1 {nicht am Material kleben ist die Devise} 47. Qf1 (
47. Ng4 {kann das Vorangegangene nicht ungeschehen machen} 47... Rxg4 48. Qg1
Re1 49. Qxe1 Qxg2#) 47... Qxg2+ (47... Re1 48. Qxe1 Qxg2#) 48. Qxg2 Re1+ 49.
Qg1 (49. Qf1 {hilft allerdings auch nicht} 49... Rxf1#) 49... Rexg1# (49...
Rgxg1#) 0-1

[Event "ICS rated blitz match"]
[Site "207.99.83.229"]
[Date "1999.07.02"]
[Round "?"]
[White "Beadle"]
[Black "Hossa"]
[Result "1-0"]
[WhiteElo "2453"]
[BlackElo "2363"]
[Annotator "Fritz 5.32 (15s)"]
[PlyCount "84"]

1. d4 1... d5 {Opening = 2.Nf3 Nf6 3.Bf4} 2. Nf3 Nf6 3. Bf4 e6 4. e3 c5 5. Nc3
(5. Nbd2 Nc6 6. c3 Bd6 7. Ne5 Qc7 8. Ndf3 Nd7 9. Bb5 Ndxe5 10. dxe5 Be7 11. O-O
Bd7 12. Re1 a6 13. Bf1 Na7 14. e4 dxe4 15. Nd2 f5 16. exf6 Qxf4 17. fxe7 Kxe7
18. Rxe4 Qf5 19. Qe2 19... Nc6 {Marton,I-Diamant,T/HUN-chT2 9394 1994/1-0 (40)}
) (5. c3 Bd6 6. Ne5 Qc7 7. Na3 a6 8. Qa4+ Bd7 9. Nxd7 Qxd7 10. Nb5 Bxf4 11.
exf4 O-O 12. dxc5 Qc6 13. Qa3 Nbd7 14. Nd4 Qxc5 15. Qxc5 Nxc5 16. Be2 Rac8 17.
O-O Na4 18. Rab1 b5 19. Bd1 19... Nb6 {
Astengo,M-Bianchi,A/Podova ITA 1998/0-1 (40)}) 5... cxd4 $146 (5... Nc6 6. dxc5
Bxc5 7. Bb5 a6 8. Bxc6+ bxc6 9. Ne5 Bb7 10. O-O O-O 11. Re1 Bb4 12. a3 Bxc3 13.
bxc3 Ne4 14. c4 f6 15. Ng4 e5 16. Bg3 h5 17. Nxe5 fxe5 18. Bxe5 Qd7 19. f3 Nf6
20. cxd5 cxd5 21. Rb1 Qc6 22. Rb2 Nd7 23. Bg3 Nc5 24. Qb1 Rf6 25. e4 dxe4 26.
fxe4 Re6 27. c3 Rae8 28. Rbe2 Rxe4 29. Rxe4 Rxe4 30. Rxe4 Nxe4 31. Be1 Nxc3 32.
Qc2 Nb5 33. Qd2 Nxa3 34. Bh4 Nc2 35. Qf2 Ne3 36. Bg5 Qc1+ 37. Qf1 37... Qxf1# {
0-1 Rehm,E-Bentz,C/RLPF-chJW U15 Worms 1992 (37)}) (5... a6 6. Ne5 Nbd7 7. Be2
Nxe5 8. dxe5 Nd7 9. O-O Qc7 10. Bd3 Nxe5 11. Bxe5 Qxe5 12. Qf3 Bd6 13. Rae1
13... Qxh2# {0-1 Brewer S-Goodson M/CompuServe 1993 (13)}) 6. exd4 Bb4 7. Bd3
Bxc3+ (7... Ne4 8. Bxe4 dxe4 9. Nd2 Qxd4 10. Nb5 Bxd2+ 11. Qxd2 Qxd2+ 12. Kxd2
$11) 8. bxc3 O-O 9. O-O b6 10. Qe2 Nc6 11. Rfe1 Bb7 12. Ng5 Rc8 13. Qe3 h6 14.
Nf3 Ng4 15. Qc1 15... Qf6 $2 $18 (15... Qe7 $11 $142 {
damit waere Schwarz im Spiel geblieben}) 16. h3 Nxf2 17. Kxf2 Na5 18. Bd6 Rfe8
19. Qa3 a6 20. Rab1 Qd8 21. Qb4 b5 22. Kg1 Nc6 23. Qa3 Qd7 24. Bf4 Qd8 25. Kh1
Qf6 26. Bd6 Qd8 27. Re3 Qf6 (27... Na5 28. Rf1 Nc4 29. Bxc4 dxc4 30. Re2 $18)
28. Rf1 Qd8 29. Ne5 Qg5 30. Nxc6 Rxc6 31. Rg3 Qh5 32. Qb4 (32. Be5 g5 33. Rf6
Qd1+ 34. Kh2 34... Qh5 $18) 32... Qh4 (32... Bc8 $18) 33. Be5 (33. Bh7+ {
damit wuerde Weiss es sich noch erleichtern} 33... Kxh7 34. Rxf7 Qf6 35. Rxf6
35... gxf6 $18) 33... g5 (33... f6 {ist der letzte Rettungsanker} 34. Rxf6 Qxg3
35. Bxg3 35... gxf6 $18) 34. a4 (34. Bg6 fxg6 35. Rgf3 Qf4 36. Bxf4 gxf4 37.
Rxf4 Rc7 38. Rf8+ Rxf8 39. Qxf8+ Kh7 40. Qd8 h5 41. Qxc7+ Kh6 42. Qf4+ g5 43.
Qf6+ Kh7 44. Qe7+ Kg6 45. Rf6#) 34... Rcc8 35. axb5 axb5 36. Bxb5 Rf8 (36...
Ba8 {lenkt den Gegner vielleicht noch ab} 37. Bxe8 37... Rxe8 $18) 37. Qe7 {
Droht Matt} 37... Qxg3 38. Bxg3 f6 39. Bd7 (39. Rxf6 Rxf6 40. Qxf6 Rc7 41. Bxc7
Kh7 42. Qf7+ Kh8 43. Be5#) 39... Rc6 40. Rxf6 $1 {das wars.} 40... Rxf6 41. Be5
Rd6 (41... Rb6 {hilft auch nicht mehr} 42. Bxf6 Rb1+ 43. Kh2 Rh1+ 44. Kxh1 e5
45. Be6#) 42. Bxf6 e5 (42... Rxd7 {aendert den traurigen Lauf der Dinge nicht}
43. Qxd7 Kf8 44. Qe7+ Kg8 45. Qg7#) 1-0

[Event "ICS Rated standard match"]
[Site "207.99.83.229"]
[Date "1999.07.02"]
[Round "?"]
[White "Hossa"]
[Black "Secret"]
[Result "0-1"]
[WhiteElo "2286"]
[BlackElo "2380"]
[Annotator "Fritz 5.32 (15s)"]
[PlyCount "63"]

1. e4 1... e5 {Opening = C21 - 2.d4 (ed4 3.---)} 2. d4 exd4 3. c3 d5 4. Bc4 (4.
exd5 Qxd5 5. cxd4 Nc6 6. Be3 Bb4+ 7. Nc3 Nge7 8. a3 Bxc3+ 9. bxc3 O-O 10. Nf3
Bg4 11. Be2 Nf5 12. O-O Rae8 13. Bd2 Rxe2 14. Qxe2 Nh4 15. Qe3 Bxf3 16. g3
16... Qf5 {0-1 Grichkevitch,G-Mitkov,N/op, Las Palmas (9) 1995 (16)}) 4... dxc4
5. cxd4 5... Nc6 $146 (5... Bd6 6. Nf3 Be6 7. e5 Bb4+ 8. Bd2 Nc6 9. Bxb4 Nxb4
10. O-O Nd3 11. b3 Ne7 12. bxc4 Bxc4 13. Na3 Nb2 14. Qc2 Bxf1 15. Rxf1 O-O 16.
Qxb2 Qd5 17. Rd1 f6 18. h3 fxe5 19. Nxe5 Rfe8 20. Nb5 c5 21. Nc7 Qe4 22. Nxe8
Rxe8 23. Qb3+ Kh8 24. Nf7+ Kg8 25. Nh6+ Kh8 26. Qg8+ Nxg8 27. Nf7# {
1-0 JunkBond-Gazebo/ICS 1995 (27)}) 6. Ne2 Bb4+ 7. Bd2 a5 8. d5 (8. Qa4 Bd7 9.
Qc2 Bxd2+ 10. Qxd2 10... Nf6 $19) 8... Ne5 9. O-O Nf6 10. Bxb4 axb4 11. Qd4 Qe7
12. f4 Nd3 13. e5 Nxb2 (13... Nd7 {laesst dem Gegner kaum Chancen} 14. Nd2 b5
15. b3 $19) 14. d6 (14. exf6 Qxf6 (14... Qxe2 15. Nc3 bxc3 16. Rfe1 $18) 15.
Qe5+ Qxe5 16. fxe5 16... Nd3 $19) 14... cxd6 15. Qxb2 dxe5 16. fxe5 (16. Qxe5 {
nuetzt auch nichts mehr} 16... Qxe5 17. fxe5 17... Ng4 $19) 16... Ng4 17. Rf4 (
17. Qd4 {aendert nichts mehr} 17... Qxe5 18. Rf4 Qxd4+ 19. Nxd4 b3 20. Re4+
20... Kd7 $19) 17... Qxe5 (17... O-O {und Schwarz haette es noch leichter} 18.
Ng3 Nxe5 19. Re4 $19) 18. Qd4 Qxd4+ 19. Rxd4 (19. Nxd4 {
macht keinen grossen Unterschied} 19... b3 20. Re4+ 20... Kd7 $19) 19... b5 20.
Nf4 Nf6 21. Nd5 (21. Nd2 {waere gleichermassen fruchtlos} 21... O-O 22. Rb1
22... c3 $19) 21... Nxd5 {Schwarz entwickelt eine toedliche Initiative} 22.
Rxd5 b3 23. a3 (23. Rxb5 {aendert nichts am Ausgang der Partie} 23... Rxa2 (
23... bxa2 $6 24. Nc3 $19) 24. Ra5 Rxa1 25. Rxa1 25... Ke7 $19) 23... b4 24.
Rc5 Be6 25. Nd2 b2 26. Re1 26... bxa3 {a3 setzt sich schnell in Bewegung} 27.
Nxc4 a2 28. Nxb2 28... a1=Q {Mit der Mattdrohung Qxe1} 29. Rxa1 Rxa1+ 30. Kf2
Ra2 31. Rb5 Kd7 32. Ke3 0-1

[Event "ICS Rated blitz match"]
[Site "207.99.83.229"]
[Date "1999.07.02"]
[Round "?"]
[White "Hossa"]
[Black "Beadle"]
[Result "0-1"]
[WhiteElo "2351"]
[BlackElo "2474"]
[Annotator "Fritz 5.32 (15s)"]
[PlyCount "84"]

1. e4 1... Nf6 {Opening = C27 - 3.Bc4 Ne4} 2. Nc3 e5 3. Bc4 Nxe4 4. Nxe4 d5 5.
Qh5 (5. Bb3 dxe4 6. Ne2 Bg4 7. O-O Nc6 8. Qe1 Qh4 9. Ba4 O-O-O 10. Bxc6 bxc6
11. Kh1 f5 12. Ng1 Bh5 13. Qe3 Kb7 14. a4 Bf7 15. b3 Bd6 16. c4 Bb4 17. a5 Rd3
18. a6+ Ka8 19. Qe2 19... Bh5 {Cortes,C-Colas,R/Ibercaja op 1994/0-1 (32)})
5... dxc4 6. Qxe5+ 6... Qe7 $146 (6... Be6 7. Nf3 Nc6 8. Qf4 Nb4 9. Kd1 Qd7 10.
Re1 O-O-O 11. b3 cxb3 12. axb3 Nxc2 13. Rxa7 Kb8 14. Ne5 Qb5 15. Nc3 Bxb3 16.
Bb2 Nb4+ 17. Kc1 Qxe5 18. Qxe5 Nd3+ 19. Kb1 Nxe5 20. Ra5 Nc4 21. Rb5 21...
Nxd2+ {0-1 Haller,W-Pollock,W/St Louis 1890 (21)}) 7. Qxe7+ Bxe7 8. Ne2 Nc6 9.
O-O $17 (9. b3 cxb3 10. axb3 10... O-O $11) 9... Nb4 10. Nd4 c5 11. a3 cxd4 12.
axb4 Bxb4 13. Ra4 a5 14. c3 Bd7 15. Ra2 f5 16. Ng5 (16. cxb4 fxe4 17. f3 O-O
18. Rxa5 Bc6 19. Rxa8 19... Rxa8 $17) 16... Be7 17. Re1 d3 18. Ne6 $19 (18. h3
18... g6 $19) 18... Bxe6 $17 (18... Kf7 19. Nc7 Ra7 20. Re5 $19) 19. Rxe6 a4
20. Kf1 Kf7 21. Re5 g6 22. Rb5 Ra7 23. h4 (23. h3 23... Ke6 $19) 23... Re8 24.
g3 Bd6 25. h5 Re2 26. Kg2 Ke6 27. hxg6 27... hxg6 {
Schwarz erhaelt starke Initiative} 28. Ra1 Kd7 29. Rd5 Kc6 30. Rd4 b5 31. Rh4
Bc5 32. Rf4 Be7 33. g4 (33. Rf3 {hilft auch nicht mehr} 33... Bg5 $19) 33...
Bd6 34. Rd4 Be5 35. Rd8 (35. gxf5 {der letzte Widerstandsversuch} 35... Bxd4
36. cxd4 gxf5 37. Kf3 $19) 35... Rh7 36. Rc8+ 36... Kb6 {Es droht Matt} 37. Kg1
(37. Rh8 {waere gleichermassen fruchtlos} 37... Rxh8 38. Rxa4 Rh2+ 39. Kf1 Re1+
40. Kxe1 Rh1#) 37... Re1+ $19 (37... Rh2 38. Rc6+ Kxc6 39. f4 Bxf4 40. gxf5
Re1#) 38. Kg2 Rh2+ 39. Kf3 {Schwarz darf Weiss nun nicht zu Re8 kommen lassen}
39... Re2 40. gxf5 (40. Rb8+ {holt die Kuh nicht vom Eis} 40... Bxb8 41. gxf5
gxf5 42. Rxa4 Rhxf2#) 40... gxf5 41. Rc6+ (41. Rb8+ {
kann das Vorangegangene nicht ungeschehen machen} 41... Bxb8 42. Rxa4 Rhxf2#)
41... Kxc6 42. b3 (42. Rxa4 {macht keinen grossen Unterschied} 42... Rhxf2#)
42... Rhxf2# 0-1

[Event "ICS Rated standard match"]
[Site "207.99.83.229"]
[Date "1999.07.02"]
[Round "?"]
[White "Hossa"]
[Black "Amateur"]
[Result "1/2-1/2"]
[WhiteElo "2295"]
[BlackElo "2356"]
[Annotator "Fritz 5.32 (15s)"]
[PlyCount "97"]

1. e4 1... e6 {Opening = 3.e5 c5 4.c3 ---} 2. d4 d5 3. e5 c5 4. c3 Nc6 5. Nf3
Bd7 6. Be2 Nge7 7. O-O Ng6 8. b4 $15 (8. Na3 cxd4 9. cxd4 Be7 10. g3 f6 11. h4
O-O 12. h5 Nh8 13. h6 g6 14. exf6 Bxf6 15. Be3 Nf7 16. Rc1 Ng5 17. Nxg5 Bxg5
18. Qd2 Bf6 19. Rfe1 Qb6 20. Nc2 a5 21. Bg4 a4 22. f4 Na5 23. Qb4 Ra6 24. Bf2
Rc8 25. a3 Nb3 26. Be2 Qxb4 27. axb4 Rac6 28. Bd3 Nxc1 29. Rxc1 R6c7 30. Kf1 a3
31. bxa3 31... Ba4 {0-1 Vlahovic,S-Antic,D/JUG-ch 1991 (31)}) (8. Be3 Be7 9.
Ne1 (9. dxc5 Qc7 10. Na3 Ngxe5 11. Nxe5 Nxe5 12. b4 O-O 13. f4 Ng6 14. Qd2 b6
15. cxb6 axb6 16. Nb5 Bxb5 17. Bxb5 Bf6 18. Bd4 Bxd4+ 19. cxd4 Ra3 20. f5 exf5
21. Rxf5 Ne7 22. Re5 Qd6 23. Qb2 Rfa8 24. Re2 g6 25. Qd2 Kg7 26. Rf2 26... R8a7
{- Mukhametov,E-Stojanovic,M/op, Bela Crkva YUG (8) 1996 (26)}) 9... O-O 10. f4
Qb6 11. Qd2 cxd4 12. cxd4 f6 13. Nf3 fxe5 14. fxe5 Rac8 15. Nc3 Na5 16. Rf2 Nc4
17. Bxc4 Rxc4 18. Raf1 Rcc8 19. g3 Rf5 20. h4 Rcf8 21. Kg2 Qd8 22. Bg5 22... h6
{Kupreichik,V-Nikolic,P/Vidmar-mem 1989/ - (51)}) (8. g3 Qb6 9. a3 c4 10. h4 h6
11. Nbd2 Na5 12. Re1 O-O-O 13. Rb1 f5 14. Bf1 Be7 15. Qc2 Nf8 16. b4 cxb3 17.
Nxb3 Nxb3 18. Rxb3 Ba4 19. Rxb6 Bxc2 20. Rb2 Ba4 21. Be3 Bc6 22. a4 22... a6 {
Adams,M-Vaganian,R/Oviedo 1992/1-0 (32)}) (8. a3 $5 $11 {muss erwogen werden})
8... cxb4 9. a3 9... bxa3 {Der Freibauer marschiert} 10. Qb3 Na5 11. Qa2 Be7
12. Nxa3 O-O 13. Nb5 (13. Nc2 13... b6 $17) 13... b6 14. Bd3 (14. Nd6 14... Qc7
$17) 14... Bxb5 15. Bxb5 Qc7 (15... a6 16. Bd3 $17) 16. Qc2 (16. Qe2 16... Rfb8
$17) 16... Rfc8 17. Bd2 Nc4 (17... a6 $5 18. Bd3 18... Nc4 $17) 18. Bc1 Nh4 19.
Nxh4 Bxh4 20. Qe2 Be7 21. Qh5 $17 (21. Ba6 21... Rd8 $15) 21... Na5 22. Bb2 a6
23. Bd3 {Droht Matt: Qxh7} 23... h6 $17 (23... g6 24. Qe2 Nc4 25. Rfb1 $17) 24.
Ra2 (24. f4 Nc4 25. Bxc4 25... Qxc4 $15) 24... Qc6 (24... b5 25. f4 Nc4 26. Bc1
$15) 25. Rfa1 Bg5 26. Qe2 Qb7 27. Ra4 Rc6 28. Rb4 Qc8 29. Qc2 Be7 30. Rba4 Nc4
31. Bc1 b5 32. R4a2 b4 33. cxb4 Bxb4 34. Be2 Rb8 35. Bf4 g5 36. Bc1 Na5 37. Qd1
Bc3 38. Be3 Bxa1 39. Rxa1 Nb3 40. Ra2 Rb4 41. Bf1 41... a5 $17 (41... Nxd4 $5
42. Bd2 (42. Bxd4 $4 42... Rc1 43. Qd3 43... Rbb1 $19) 42... Rb8 43. Bxg5 hxg5
44. Qxd4 $19) 42. h4 $19 (42. Qh5 42... Rc2 $1 {Schwarz kommt in Vorteil} (
42... Nxd4 $6 43. Qxh6 g4 44. Bd2 $11) 43. Ra3 43... Kg7 $11) 42... Qd8 $15 (
42... Nxd4 $5 $142 43. hxg5 43... Nf5 $17) 43. hxg5 hxg5 44. Qh5 Qf8 (44... Qc7
45. Bxg5 f5 46. Qe8+ Kh7 47. Be7 Qxe7 48. Qxe7+ Kh6 49. Qf8+ Kh7 50. Rxa5 Nxa5
51. Qxb4 $18) 45. Qxg5+ (45. Bd3 Qg7 46. Bxg5 46... Rxd4 $14) 45... Qg7 46.
Qd8+ {Greift den Isolani a5 an} 46... Qf8 47. Qg5+ Qg7 48. Qd8+ Qf8 49. Qg5+
1/2-1/2

[Event "ICS Rated bullet match"]
[Site "207.99.83.229"]
[Date "1999.07.02"]
[Round "?"]
[White "Erasure"]
[Black "Hossa"]
[Result "0-1"]
[WhiteElo "2352"]
[BlackElo "2456"]
[Annotator "Fritz 5.32 (15s)"]
[PlyCount "114"]

1. d4 1... d5 {Opening = D00 -(2.Nc3 Nf6 3.---)} 2. e3 Nf6 3. Bd3 g6 4. Nf3 (4.
Nd2 Bg7 5. f4 O-O 6. Ngf3 c5 7. c3 b6 8. O-O Ba6 9. Bxa6 Nxa6 10. Ne5 Nc7 11.
Qf3 Nce8 12. h4 Nd6 13. g4 e6 14. g5 Nfe4 15. Qh3 Nxd2 16. Bxd2 Ne4 17. Be1
Bxe5 18. fxe5 18... Qe7 {
Kjartansson,D-Gretarsdottir,G/Hellir, Reykjavic ICL 1997/1-0 (53)}) 4... Bg7 5.
O-O O-O 6. c3 $146 (6. Qe2 Nc6 7. c3 Bg4 8. h3 Bxf3 9. Qxf3 e5 10. Qd1 Re8 11.
Nd2 Qd6 12. a3 a6 13. b4 Rad8 14. Bb2 exd4 15. cxd4 Ne4 16. Rc1 Nxd2 17. Qxd2
Nb8 18. a4 Bf8 19. b5 Rc8 20. Rc2 axb5 21. axb5 Nd7 22. Rfc1 Nb6 23. Qd1 Qd7
24. Ra1 Bd6 25. Ba3 Bxa3 26. Rxa3 Re7 27. Ra7 Rb8 28. Qa1 Qd8 29. Rc5 Nc8 30.
Ra8 Nb6 31. Ra2 Qd6 32. Qc1 Kg7 33. Be2 Rd7 34. Bf3 Re7 35. Qc2 h5 36. Qb3 Rd7
37. Ra7 Kg8 38. Ra2 Kg7 39. Ra1 Kh7 40. Qc2 40... Kg7 {
Cruz,F-Dridi,A/Moscow olm 1994/1-0 (80)}) (6. Nbd2 Bg4 7. Re1 e6 8. c3 Nbd7 9.
h3 Bxf3 10. Nxf3 c5 11. Bc2 a6 12. Rb1 Qc7 13. b3 Rac8 14. Bb2 cxd4 15. exd4 b5
16. Bd3 Qa5 17. a3 Rc6 18. Qe2 Qc7 19. Rbc1 Bh6 20. Rc2 20... Nh5 {
Heyd,H-Mayer,A/Hessen-chS 1991/ - (61)}) 6... Bg4 7. h3 Bxf3 8. Qxf3 ({Dagegen
} 8. gxf3 8... c5 $15) 8... Nc6 9. Nd2 e5 10. Qe2 Qe7 11. Bb5 exd4 12. cxd4 Qd6
13. Bxc6 $15 (13. b3 Rfe8 14. Bb2 14... Re6 $11) 13... Qxc6 14. Nf3 Ne4 15. Bd2
Qb6 16. Bc3 Rae8 17. Rfd1 17... c5 $14 (17... c6 $5 $15 $142 {
sieht noch spielbar aus}) 18. Qd3 $15 (18. dxc5 $5 $142 {
ist eine gute Alternative} 18... Nxc3 19. bxc3 (19. cxb6 $2 {
haelt einer naeheren Pruefung nicht stand} 19... Nxe2+ 20. Kf1 Bxb2 21. Kxe2
Bxa1 22. Rxa1 22... axb6 $19) 19... Qxc5 20. Rab1 $14) 18... c4 {
Schwarz erobert Raum} 19. Qc2 19... a6 $11 (19... f5 20. Ne5 Re7 21. Qa4 $15)
20. a3 $15 (20. Rab1 20... f5 $11) 20... Re6 21. Bb4 Rfe8 22. Bc5 Nxc5 23. dxc5
23... Qxb2 $15 (23... Qxc5 24. Rd2 $17) 24. Qxb2 (24. Ra2 Qxc2 25. Rxc2 Rc8 26.
Rxd5 b5 27. cxb6 27... Rxb6 $15) 24... Bxb2 25. Ra2 25... c3 {
Nun geraet Weiss unter starken Druck.} 26. Nd4 $19 (26. Ne1 26... b6 $17) 26...
Re4 27. Kf1 $2 (27. Nb3 $19 $142) 27... Rxd4 $1 {die Entscheidung} 28. exd4 (
28. Rxd4 $4 28... c2 $1 {die Pointe} 29. Ke2 29... c1=Q $19) 28... c2 {
Droht Matt} 29. Raa1 (29. Rda1 {holt die Kuh nicht vom Eis} 29... c1=Q+ 30.
Rxc1 30... Bxc1 $19) 29... cxd1=R+ 30. Rxd1 Re4 31. g3 (31. Rd3 {
hilft auch nicht mehr} 31... Kg7 $19 (31... Bxd4 $6 {ist klar schwaecher} 32.
f3 Rf4 33. g3 $19)) 31... Rxd4 (31... Bxd4 $6 32. f3 Re3 33. Rxd4 Rxf3+ 34. Kg2
Rxa3 35. Rxd5 $19) ({Schwaecher scheint} 31... Bxa3 32. f3 Re7 33. Rb1 $19) 32.
Rb1 Bxa3 33. Rxb7 Bxc5 34. Rb8+ Kg7 35. Rc8 Bb4 36. Rc2 Rd2 37. Rc6 (37. Rxd2 {
aendert nichts mehr} 37... Bxd2 38. Ke2 38... Bb4 $19) 37... Ra2 38. Rb6 (38.
Rc1 {hilft allerdings auch nicht} 38... Kf6 $19) 38... Rxf2+ 39. Kxf2 Bc5+ 40.
Ke2 Bxb6 41. Kd3 f5 42. Kc3 Kf6 43. Kd3 Ke5 44. Kc3 Ke4 45. Kb4 Kf3 46. Kc3
Kxg3 47. Kd3 f4 48. Ke2 Kg2 49. Kd3 Kxh3 50. Kd2 50... f3 {
Mit der Mattdrohung f2} 51. Kd3 (51. Ke1 {nuetzt auch nichts mehr} 51... f2+
52. Kf1 Bc5 53. Ke2 Kg2 54. Kd2 f1=Q 55. Kc2 Qc4+ 56. Kb2 Bd4+ 57. Ka3 Qb5 58.
Ka2 Qb2#) 51... f2 52. Ke2 Kg2 53. Kd3 (53. Kd2 {
aendert nichts am Ausgang der Partie} 53... f1=Q 54. Kc2 Qc4+ 55. Kd2 Ba5+ 56.
Kd1 Qc3 57. Ke2 Qd2#) 53... f1=Q+ 54. Kc3 (54. Kd2 {
aendert den traurigen Lauf der Dinge nicht} 54... Qb1 55. Kc3 Kf3 56. Kd2 Ba5#)
54... Qc4+ 55. Kd2 Kf3 56. Kd1 Ke3 57. Ke1 Qe2# 0-1

[Event "ICS rated blitz match"]
[Site "207.99.83.229"]
[Date "1999.07.02"]
[Round "?"]
[White "egya"]
[Black "Hossa"]
[Result "0-1"]
[WhiteElo "2035"]
[BlackElo "2340"]
[Annotator "Fritz 5.32 (15s)"]
[PlyCount "76"]

1. b3 1... e5 {Opening = A01 - 1.b3} 2. e3 Nf6 3. Bb2 Nc6 4. c4 Be7 5. Nf3 (5.
a3 O-O 6. Qc2 Re8 7. Nf3 e4 8. Nd4 Bf8 9. d3 d6 10. Nd2 exd3 11. Bxd3 Ne5 12.
Bf5 d5 13. Bxc8 Rxc8 14. N4f3 Nfg4 15. O-O dxc4 16. Bxe5 cxb3 17. Qxb3 Nxe5 18.
Qxb7 c5 19. Rfd1 19... Rc7 {
Caramia,J-Ricardi,P/Siembra, Villa Ballester ARG (2) 1996/0-1 (30)}) 5... e4 6.
Nd4 6... O-O $146 (6... Nxd4 7. Bxd4 O-O 8. Nc3 $11) 7. Nc3 (7. Nxc6 dxc6 8. d4
exd3 9. Bxd3 9... Qd6 $11) 7... Nxd4 8. exd4 Rb8 9. d3 9... d5 $14 (9... Bb4
10. Be2 $11) 10. Be2 $11 (10. dxe4 dxe4 11. Be2 11... c6 $14) 10... exd3 {
Schwarz hat einen starken Freibauern} 11. Qxd3 dxc4 12. bxc4 12... c5 $14 (
12... Re8 13. O-O $11) 13. d5 {Weiss engt den Gegner ein.} 13... b5 $16 (13...
Re8 $5 $14) 14. Nxb5 a6 15. d6 $15 (15. Be5 $142 15... Rb7 16. Nc3 $16) 15...
Bxd6 16. Qxd6 $17 (16. Rd1 axb5 17. Qxd6 Qxd6 18. Rxd6 18... b4 $11) 16... Qxd6
$1 {bleibt am Druecker} 17. Nxd6 Rxb2 18. Bf3 Be6 19. O-O h5 20. Rfd1 Rd8 21.
h3 {Ueberdeckt g4} 21... h4 22. a3 22... Rc2 $11 {Ist der Isolani c4 schwach?}
(22... Rdb8 23. Rd3 $15) 23. Nb7 23... Rxd1+ {Schwarz geht zum Angriff ueber}
24. Rxd1 Rxc4 25. Rd8+ $17 (25. Be2 $5 25... Rc3 26. Bxa6 $11) 25... Kh7 26.
Ra8 Rc3 27. Rxa6 Bxh3 28. gxh3 Rxf3 29. Kg2 Rc3 30. a4 Nd5 31. Rc6 Nf4+ 32. Kh1
Rc1+ 33. Kh2 Rf1 34. Nxc5 (34. Rxc5 Rxf2+ 35. Kh1 35... Rf3 $17) 34... Rxf2+
35. Kh1 Nxh3 36. Ne4 $2 (36. a5 $19 $142) 36... Re2 (36... Rf4 $5 $142 {
waere im Gewinnsinne praeziser} 37. Nd6 Rxa4 38. Nxf7 $19) 37. Nd6 (37. Nc3 Rc2
38. Rc7 Nf2+ 39. Kg1 39... Ne4 $19) 37... Ng5 {Droht Matt} 38. Rc5 (38. Rc3 Ra2
39. Nf5 Rxa4 40. Rc2 $19) 38... Nf3 {Mit der Mattdrohung Rh2} (38... Nf3 39.
Rh5+ Kg6 40. Rxh4 40... Nxh4 $19) 0-1

[Event "ICS Rated blitz match"]
[Site "207.99.83.229"]
[Date "1999.07.02"]
[Round "?"]
[White "Hossa"]
[Black "Lundbotanmats"]
[Result "1-0"]
[WhiteElo "2345"]
[BlackElo "2130"]
[PlyCount "24"]

1. e4 e6 2. d4 d5 3. Nd2 dxe4 4. Nxe4 Nd7 5. Nf3 Ngf6 6. Bd3 Be7 7. Nxf6+ Bxf6
8. O-O c5 9. c3 cxd4 10. cxd4 b6 11. Be4 Rb8 12. Bf4 12... e5 {
Lundbotanmats resigns} 1-0

[Event "ICS rated standard match"]
[Site "207.99.83.229"]
[Date "1999.07.02"]
[Round "?"]
[White "IlDivino"]
[Black "Hossa"]
[Result "0-1"]
[WhiteElo "2113"]
[BlackElo "2298"]
[PlyCount "52"]

1. c4 c5 2. Nf3 g6 3. Nc3 Nf6 4. d4 cxd4 5. Nxd4 Bg7 6. e4 d6 7. Be2 Nc6 8. O-O
Nxd4 9. Qxd4 O-O 10. f3 Ng4 11. Qd5 e6 12. Qb5 Bd4+ 13. Kh1 Nxh2 14. Bg5 f6 15.
Kxh2 fxg5 16. g4 Qf6 17. Rad1 Qf4+ 18. Kg2 Be5 19. Rh1 Qg3+ 20. Kf1 Rxf3+ 21.
Bxf3 Qxf3+ 22. Kg1 Qg3+ 23. Kf1 Bd7 24. Qxd7 Rf8+ 25. Ke2 Qf2+ 26. Kd3 26...
Rf3# {IlDivino checkmated} 0-1